| 000 | 00980nam a2200265 i 4500 | ||
|---|---|---|---|
| 001 | 179822 | ||
| 003 | ES-MaACL | ||
| 005 | 20240430162520.0 | ||
| 008 | 120127s2010 sp ap |||| | spa d | ||
| 020 | _a978-84-92848-13-3 | ||
| 080 | _a821.134.2-14"19" | ||
| 100 | 1 |
_aMartínez Cenzano, José Manuel. _9149235 |
|
| 245 | 1 | 3 |
_aEl espejo de la memoria / _cJosé Manuel Martínez Cenzano ; dibujos de Ginés Liébana ; y lectura de Juan José Gómez. |
| 250 | _a1ª ed. | ||
| 260 |
_aMadrid : _bExlibris ; _aCuenca : _bDiputación Provincial de Cuenca, _c2010. |
||
| 300 |
_a146 p. : _bil. ; _c24 cm. |
||
| 490 | 1 | _aExlibris poesía | |
| 700 | 1 |
_aLiébana, Ginés, _d1921-2022 _972224 |
|
| 700 | 1 |
_aGómez Brihuega, Juan José. _9149236 |
|
| 710 | 1 |
_aCuenca (Provincia). _bDiputación Provincial. _93346 |
|
| 830 | 0 |
_aExlibris poesía _9191135 |
|
| 852 |
_aES-MaACL _jA-11936 _9186722 _bR.146842 _cDEPO1 _dOlim: N-4941 |
||
| 942 |
_2udc _cMONOGRAFIA |
||
| 999 |
_c179822 _d179822 |
||